| 000 | 00413nam a2200181Ia 4500 | ||
|---|---|---|---|
| 008 | 210210b1983 xxu||||| |||| 00| 0 eng d | ||
| 041 | _aeng | ||
| 082 | _a338.954 DHII | ||
| 100 | _aDHINGRA (Ishwar C) | ||
| 245 | _aIndian economy Ed 2 | ||
| 250 | _a | ||
| 260 |
_aND _bSultan Chand & Sons _c1983 |
||
| 300 | _a797 | ||
| 650 | _aIndian | ||
| 650 | _aeconomy | ||
| 690 | _aIndian Economics | ||
| 906 | _a036134 | ||
| 999 |
_c86983 _d86983 |
||